000 00802nam a2200253Ia 4500
005 20260429112022.0
008 260429s9999||||xx |||||||||||||| ||und||
020 _a9781032260327
041 _aEnglish
082 _a370.71
_bHUA
100 _aHuang, Rongjin
245 0 _aTeacher Professional Learning through Lesson Study in Virtual and Hybrid Environments :
_bopportunities, challenges, and future directions /
_cRongjin Huang
250 _a1st ed.
260 _aNew York :
_bRoutledge,
_c2024.
300 _axxii, 279 p.; pbk
440 _aWALS-Routledge Lesson Study Series
650 _a Lesson study
650 _a Online pedagogy
650 _aTeacher professional development
700 _a Helgevold, Ragnar
700 _a Jiang, Heng
700 _a Lang, Jean
942 _cTB
999 _c51921
_d51921